000 00218 a2200097 4500
001 48371
100 _aHillary, S.E
245 _aNo latitude for error
260 _aLondon
_bHodder Stoughton
_c
090 _c31312
_d31312
942 _aNUST-CAE
_cM
_c23684
999 _c283444
_d283444